Business Law (Record no. 11463)

MARC details
000 -LEADER
fixed length control field 00381nam a22001697a 4500
003 - CONTROL NUMBER IDENTIFIER
control field OSt
008 - FIXED-LENGTH DATA ELEMENTS--GENERAL INFORMATION
fixed length control field 220823b ||||| |||| 00| 0 eng d
020 ## - INTERNATIONAL STANDARD BOOK NUMBER
International Standard Book Number 9789339203467
082 ## - DEWEY DECIMAL CLASSIFICATION NUMBER
Classification number 346.065 TUB
100 ## - MAIN ENTRY--PERSONAL NAME
Personal name TULSIAN,P.C.
245 ## - TITLE STATEMENT
Title Business Law
250 ## - EDITION STATEMENT
Edition statement 3rd
260 ## - PUBLICATION, DISTRIBUTION, ETC. (IMPRINT)
Place of publication, distribution, etc New Delhi
Name of publisher, distributor, etc Mcgraw Hill
Date of publication, distribution, etc 2021
300 ## - PHYSICAL DESCRIPTION
Extent MISC
700 ## - ADDED ENTRY--PERSONAL NAME
Personal name TULSIAN,Bharat
942 ## - ADDED ENTRY ELEMENTS (KOHA)
Source of classification or shelving scheme Dewey Decimal Classification
Koha item type Text Books
Holdings
Withdrawn status Lost status Source of classification or shelving scheme Damaged status Not for loan Collection code Home library Current library Date acquired Source of acquisition Currency Cost, normal purchase price Bill Number Total Checkouts Full call number Acc. no. / Barcode Date last seen Actual Cost, discounted price Bill Date Koha item type Date last borrowed
    Dewey Decimal Classification     BBA PIET C-LIBRARY PIET C-LIBRARY 22/08/2022 Kirti Prakashan Indian Rup 840.00 IN756   346.065 TUB 33774 23/08/2022 571.20 20/08/2022 Text Books  
    Dewey Decimal Classification     BBA PIET C-LIBRARY PIET C-LIBRARY 22/08/2022 Kirti Prakashan Indian Rup 840.00 IN756 7 346.065 TUB 33775 01/01/2026 571.20 20/08/2022 Text Books 23/12/2025
    Dewey Decimal Classification     BBA PIET C-LIBRARY PIET C-LIBRARY 22/08/2022 Kirti Prakashan Indian Rup 840.00 IN756 9 346.065 TUB 33776 19/09/2025 571.20 20/08/2022 Text Books 08/09/2025

Design & Developed by: PIET Central Library
R70 Miles Stone Pattikalyana Samalkha Panipat 132102
mail ID :- [email protected], Phone No:- 0180-2569700 Ex.216